000 00312 a2200157 4500
001 160354
020 _a
040 _cMagnum
100 _aLima, Aristides Fraga
240 1 0 _aPerigos no mar
_lpor
245 1 0 _aPerigos no mar
362 0 _a1899
440 1 _aÁtica
697 _aJ/AVENTURA
942 _cBK
999 _c160354
_d160354